000 00372nam a2200133Ia 4500
008 220204s9999 xx 000 0 und d
082 _a339.133:633.85
_bMAD
100 _aMADHOO PAVASKAR
245 0 _aDemand for oils and oil seeds
260 _aBombay
_bPopular Prakashan
_c1979
490 _aTata economic consultancy services
650 _aOilseeds demand
942 _cBK
999 _c35936
_d35936